[Event "Titled Tuesday intern op 06th Oct"]
[Site "Chess.com INT"]
[Date "2020.10.06"]
[Round "9"]
[White "Nikoladze, Sopio"]
[Black "Dmitrenko, Viktor"]
[Result "0-1"]
[WhiteElo "2132"]
[BlackElo "2456"]
[PlyCount "76"]
[EventDate "2020.10.06"]
[EventType "swiss (blitz)"]
[EventRounds "10"]
[EventCountry "USA"]
[SourceTitle "CBM 198 Extra"]
[Source "ChessBase"]
[SourceDate "2020.11.30"]
[SourceVersion "1"]
[SourceVersionDate "2020.11.30"]
[SourceQuality "1"]

1. d4 e6 2. Nf3 Nf6 3. e3 c5 4. b3 b6 5. Bb2 Bb7 6. Bd3 Be7 7. Nbd2 0-0 8. 0-0 d6 9. c4 a6 10. Qc2 Nbd7 11. e4 cxd4 12. Bxd4 e5 13. Bb2 Nc5 14. Rfe1 Rc8 15. Bf1 b5 16. Qd1 bxc4 17. Bxc4 Ncxe4 18. Nxe4 Nxe4 19. Bd5 Bxd5 20. Qxd5 Nf6 21. Qd2 Qb6 22. Rad1 h6 23. Ba3 Rfd8 24. Qe2 Bf8 25. Nh4 Qa5 26. Qb2 e4 27. Re3 Qg5 28. g3 d5 29. Bxf8 Rxf8 30. Qd4 Rfd8 31. f3 Rc2 32. fxe4 Ng4 33. Red3 Nxh2 34. exd5 Rxa2 35. d6 Ng4 36. d7 Ne5 37. Qb6 Nxd3 38. Qc7 Qe3+ 0-1